000 00382cam a2200157ua 4500
041 _aeng
_h
082 _a828.09
_bKNI/SO
100 _aKnights, L C .
245 _aSome Shakespearian themes /
_cL C Knights.
_hTextual Documents
250 _a1 /
_b.
260 _aLondon :
_bChatto and Windus ,
_c1964.
300 _a183 ; .
504 _a
942 _cBK
999 _c8601
_d8601